| 000 | 00332 a2200097 4500 | ||
|---|---|---|---|
| 100 | 1 |
_aPartikeev, Ju.N.. _eAutor |
|
| 700 | 1 |
_aPersikov, B.I.. _eAutor |
|
| 245 | 0 |
_aPraktikum po programmirovaniju na KOBOLe ES EVM / _cPartikeev Ju.N., Persikov B.I.. |
|
| 710 | 2 |
_aStatistika. _eWydawca _4pbl |
|
| 260 |
_aMoskva : _bStatistika, _c1979. |
||
| 300 |
_a180 s.; _c24 cm. |
||
| 999 |
_c10152 _d10152 |
||